LEADER 00974nam0-22003131i-450- 001 990006449980403321 005 20001010 035 $a000644998 035 $aFED01000644998 035 $a(Aleph)000644998FED01 035 $a000644998 100 $a20001010d--------km-y0itay50------ba 101 0 $aita 105 $ay-------001yy 200 1 $a<>attivita e la politica missionaria della direzione della London Missionary Society$e1795-1820$fRaimondo Turtas 210 $aRoma$cUniversita Gregoriana Ed.$d1971. 215 $aXVI , 334 p.$d23 cm 225 1 $aAnalecta Gregoriana$v 300 $aWith an English resume. 676 $a266 700 1$aTurtas,$bRaimondo$0242346 801 0$aIT$bUNINA$gRICA$2UNIMARC 901 $aBK 912 $a990006449980403321 952 $aXIV A 396$b28545$fFSPBC 959 $aFSPBC 996 $aAttivita e la politica missionaria della direzione della London Missionary Society$9650553 997 $aUNINA DB $aGEN01 LEADER 01149nam0-22003371i-450- 001 990007834220403321 005 20041207092458.0 010 $a88-14-04371-X 020 $aIT$b94-8879 035 $a000783422 035 $aFED01000783422 035 $a(Aleph)000783422FED01 035 $a000783422 100 $a20031029d1994----km-y0itay50------ba 101 0 $aita 102 $aIT 105 $ay-------001yy 200 1 $a<>accertamento sintetico del reddito e la difesa del contribuente$eil redditometro, analisi dei beni e servizi indice e degli altri elementi, procedura accertativa, i questionari, la normativa$e1994$fGiovanni Giunta, Giuseppe Carnevale-Miino 210 $aMilano$cGiuffrè$d1994 215 $aVII, 222 p.$d24 cm 225 1 $aCosa & come$iTributi 676 $a343.45052042$v20$zita 700 1$aGiunta,$bGiovanni$0404377 701 1$aCarnevale-Miino,$bGiuseppe$0280514 801 0$aIT$bUNINA$gRICA$2UNIMARC 901 $aBK 912 $a990007834220403321 952 $aH 337$bs.i.$fDSS 959 $aDSS 996 $aAccertamento sintetico del reddito e la difesa del contribuente$9663740 997 $aUNINA LEADER 01061nas 2200397-a 450 001 9910262759103321 005 20230709213017.0 011 $a1741-8720 035 $a(DE-599)ZDB2118728-9 035 $a(OCoLC)56326592 035 $a(CKB)991042727018366 035 $a(CONSER)--2009219050 035 $a(EXLCZ)99991042727018366 100 $a20040820a20009999 s-- a 101 0 $aeng 135 $aurcnu|||||||| 181 $ctxt$2rdacontent 182 $cc$2rdamedia 183 $acr$2rdacarrier 200 10$aIbsen studies 210 $aLondon $cTaylor & Francis$d2000- 300 $aRefereed/Peer-reviewed 311 $a1502-1866 606 $aNoors$2gtt 606 $aSchrijvers$2gtt 608 $aCriticism, interpretation, etc.$2fast 608 $aPeriodicals.$2fast 610 $aGermanic Literature 615 17$aNoors. 615 17$aSchrijvers. 676 $a839.8226 712 02$aUniversitetet i Oslo.$bIbsensenteret. 906 $aJOURNAL 912 $a9910262759103321 996 $aIbsen studies$92091467 997 $aUNINA